|
|
|
|
| LEADER |
00000nam a2200000 a 4500 |
| 001 |
si5347 |
| 003 |
Ucuenca |
| 005 |
20231110062701.0 |
| 006 |
a||||gr|||| 000 p |
| 007 |
ta |
| 008 |
011031s1995 ||| gr|||| 000|p|spa|a |
| 999 |
|
|
|c 60531
|d 60531
|
| 040 |
|
|
|a UCuenca-cdrjbv
|b spa
|c Ucuenca
|e rda
|
| 041 |
0 |
|
|a spa
|
| 082 |
0 |
|
|2 21
|a E861.4
|c 125086
|
| 100 |
1 |
|
|a Astudillo y Astudillo, Rubén.
|d 1938-2003
|e autor
|9 226283
|
| 245 |
0 |
3 |
|a El presente tomado /
|c Rubén Astudillo y Astudillo.
|
| 250 |
|
|
|a Primera edición.
|
| 264 |
|
1 |
|a Quito:
|b Editorial Quipus-CIESPAL,
|c 1995.
|
| 300 |
|
|
|a 40 páginas:
|c 17 cm
|
| 336 |
|
|
|2 rdacontent
|a texto
|b txt
|
| 337 |
|
|
|2 rdamedia
|a no mediado
|b n
|
| 338 |
|
|
|2 rdacarrier
|a volumen
|b nc
|
| 504 |
|
|
|a incl. ref.
|
| 650 |
1 |
0 |
|a Literatura ecuatoriana
|9 307
|
| 650 |
1 |
7 |
|2 UCuenca-cdrjbv
|9 4951
|a Poesía cuencana
|
| 653 |
|
|
|a .
|
| 773 |
0 |
|
|0 60530
|9 56001
|a Astudillo y Astudillo, Rubén
|d Quito Editorial Quipus-CIESPAL 1995
|o si5347
|t Los himnos del crepúsculo
|w si5347
|
| 852 |
|
|
|a UC-CDJBV
|f Donación
|l 1
|m General
|p 20110315
|t si5347
|b 0
|d CDRC
|e CDRC
|g E861.4 TERCER PISO
|z 2011-10-31
|
| 942 |
|
|
|c BK
|2 ddc
|r ivan.verdugo@ucuenca.edu.ec
|